ბათუმის შოთა რუსთაველის სახელმწიფო უნივერსიტეტის ბიბლიოთეკა

ძველი ბერძნული ენა : (ბიბ.ჩანაწერი № 34722)

000 -ლიდერი
ფიქსირებული სიგრძის საკონტროლო ველი 01221nam a2200265Ia 4500
001 - საკონტროლო ნომერი
საკონტროლო ველი 509
003 - საკონტროლო ნომრის იდენტიფიკატორი
საკონტროლო ველი GE_BSU
005 - ბოლო ოპერაციის თარიღი და დრო
საკონტროლო ველი 20200129161012.0
008 - ფიქსირებული სიგრძის მონაცემთა ელემენტები - ზოგადი ინფორმაცია
ფიქსირებული სიგრძის საკონტროლო ველი 181216s1998||||ge |||||||||||||| ||geo||
020 ## - წიგნის საერთაშორისო სტანდარტული ნომერი
International Standard Book Number 9992865172
040 ## - კატალოგიზაციის წყარო
Transcribing agency GE_BSU
041 ## - ენის კოდი
Language code of text/sound track or separate title geo
080 ## - უნივერსალური ათობითი კლასიფიკაციის ინდექსი
Universal Decimal Classification number 811.14'02 ძ-49
245 ## - ცნობა სათაურის შესახებ
Title ძველი ბერძნული ენა :
Remainder of title (საკითხავი ტექსტები და სავარჯიშოები) /
Statement of responsibility, etc [რედ.: ლაშა ბერაია].
264 ## - წარმოების, გამოცემის, დისტრიბუციის და სხვა ცნობები
გამოცემის, წარმოების, დისტრიბუციის... ადგილი თბილისი,
გამოცემის, წარმოების, დისტრიბუციის... თარიღი 1998.
300 ## - ფიზიკური აღწერა
Extent 80 გვ.;
Other physical details 19 სმ.
490 ## - სერიის ცნობა
Series statement პროგრამა "ლოგოსი". პუბლიკ. და ღონისძ. კლას. ფილოლ., ბიზანტ. და ნეოგრეც. სფეროში
653 ## - INDEX TERM--UNCONTROLLED
Uncontrolled term ძველი ბერძნული ენა
653 ## - INDEX TERM--UNCONTROLLED
Uncontrolled term საკითხავი ტექსტები
653 ## - INDEX TERM--UNCONTROLLED
Uncontrolled term ძველი ბერძნული ენა
653 ## - INDEX TERM--UNCONTROLLED
Uncontrolled term სავარჯიშოები
700 ## - ADDED ENTRY--PERSONAL NAME
Personal name ბერაია, ლაშა
Relator term რედაქტორი
9 (RLIN) 6499
710 ## - ADDED ENTRY--CORPORATE NAME
Corporate name or jurisdiction name as entry element თბილისის უნ-ტი
9 (RLIN) 6500
942 ## - ADDED ENTRY ELEMENTS (KOHA)
Koha item type წიგნი
Source of classification or shelving scheme
ეგზემპლარები
ჩამოწერის სტატუსი დაკარგული ეგზემპლარის სტატუსი კლასიფიკაციის წყარო ან თაროზე გაწყობის სქემა დაზიანების სტატუსი არ გაიცემა მუდმივი მდებარეობა (დაცვის ადგილი) ამჟამინდელი ადგილსამყოფელი თაროზე განთავსების ადგილი შეძენის თარიღი ღირებულება, შესყიდვის ნორმალური ფასი სრული შენახვის შიფრი შტრიხკოდი ბოლო ოპერაციის თარიღი ეგზემპლარის მიმდევრობითი ნომერი (კეტერი?) ფასის ძალაში შესვლის თარიღი ეგზემპლარის სახეობა საჯარო შენიშვნა
          ბათუმის შოთა რუსთაველის სახელმწიფო უნივერსიტეტის მთავარი ბიბლიოთეკა ბათუმის შოთა რუსთაველის სახელმწიფო უნივერსიტეტის მთავარი ბიბლიოთეკა წიგნსაცავი 2018-12-17 20.00 811.14'02 ძ-49 382 2018-12-17 382 2018-12-17 წიგნი 20 ლ.
          ბათუმის შოთა რუსთაველის სახელმწიფო უნივერსიტეტის მთავარი ბიბლიოთეკა ბათუმის შოთა რუსთაველის სახელმწიფო უნივერსიტეტის მთავარი ბიბლიოთეკა წიგნსაცავი 2018-12-17 20.00 811.14'02 ძ-49 383 2018-12-17 383 2018-12-17 წიგნი 20 ლ.
          ბათუმის შოთა რუსთაველის სახელმწიფო უნივერსიტეტის მთავარი ბიბლიოთეკა ბათუმის შოთა რუსთაველის სახელმწიფო უნივერსიტეტის მთავარი ბიბლიოთეკა წიგნსაცავი 2018-12-17 20.00 811.14'02 ძ-49 384 2018-12-17 384 2018-12-17 წიგნი 20 ლ.
          ბათუმის შოთა რუსთაველის სახელმწიფო უნივერსიტეტის მთავარი ბიბლიოთეკა ბათუმის შოთა რუსთაველის სახელმწიფო უნივერსიტეტის მთავარი ბიბლიოთეკა წიგნსაცავი 2018-12-17 20.00 811.14'02 ძ-49 385 2018-12-17 385 2018-12-17 წიგნი 20 ლ.
          ბათუმის შოთა რუსთაველის სახელმწიფო უნივერსიტეტის მთავარი ბიბლიოთეკა ბათუმის შოთა რუსთაველის სახელმწიფო უნივერსიტეტის მთავარი ბიბლიოთეკა წიგნსაცავი 2018-12-17 20.00 811.14'02 ძ-49 386 2018-12-17 386 2018-12-17 წიგნი 20 ლ.